[Event "III Mitropa Cup juniores"]
[Site "Saint Vincent - Chatillon ITA"]
[Date "2002.10.02"]
[Round "6"]
[White "Lain, Luigi"]
[Black "Cernousek, Lukas"]
[Result "0-1"]
[WhiteElo "2160"]
[BlackElo "2294"]
[PlyCount "152"]
[EventDate "2002.09.28"]

1. d4 d5 2. c4 Bf5 3. Nc3 e6 4. Bf4 c6 5. e3 Qb6 6. Qd2 f6 7. f3 Ne7 8. e4 Bg6
9. Na4 Qd8 10. Nc5 Qc8 11. Bd3 Bf7 12. cxd5 exd5 13. Nh3 b6 14. Nb3 Ng6 15.
exd5 Bxd5 16. O-O Be7 17. Rae1 Kf7 18. Qc2 Rd8 19. Bg3 Nd7 20. Bc4 Ndf8 21.
Bxd5+ cxd5 22. Rc1 Qa6 23. Nd2 Ne6 24. Bf2 Rac8 25. Qb3 Qa5 26. Nb1 Bb4 27.
Rxc8 Rxc8 28. a3 Bd6 29. Nc3 Ne7 30. Nb5 Bb8 31. Be1 Qa6 32. Qd3 Qb7 33. Qxh7
a6 34. Qh5+ g6 35. Qh7+ Ng7 36. Nc3 Nef5 37. g4 Bxh2+ 38. Kxh2 Qb8+ 39. Kg1 Rh8
40. Qxh8 Qxh8 41. gxf5 Qxh3 42. fxg6+ Kxg6 43. Nxd5 Qd7 44. Nf4+ Kf5 45. Ne2
Ne6 46. Bc3 Qd6 47. Kf2 Qh2+ 48. Ke3 Nc7 49. Be1 Nd5+ 50. Kd2 Qg2 51. Rg1 Qh2
52. Rh1 Qc7 53. Kd3 b5 54. Nc3 Qc4+ 55. Kc2 Nxc3 56. Bxc3 Qe2+ 57. Kc1 Qxf3 58.
Rd1 Qd5 59. Rf1+ Ke4 60. Re1+ Kd3 61. Rd1+ Kc4 62. Re1 Qg2 63. d5 Kb3 64. Kb1
Qxd5 65. Bb4 Qd3+ 66. Ka1 Kc4 67. Rc1+ Kd5 68. Rc5+ Ke4 69. Bc3 f5 70. Re5+ Kf3
71. Bd2 Qxd2 72. Rxf5+ Ke4 73. Rf6 a5 74. Re6+ Kd5 75. Re8 Kc4 76. Ka2 Qd5 0-1

[Event "III Mitropa Cup juniores"]
[Site "Saint Vincent - Chatillon ITA"]
[Date "2002.10.02"]
[Round "6"]
[White "Langheinrich, Ferenc"]
[Black "Isonzo, David"]
[Result "1/2-1/2"]
[WhiteElo "2360"]
[BlackElo "2337"]
[PlyCount "22"]
[EventDate "2002.09.28"]

1. e4 e5 2. Nf3 Nc6 3. d4 exd4 4. Nxd4 Bc5 5. Be3 Qf6 6. c3 Nge7 7. Bc4 O-O 8.
O-O Ne5 9. Be2 d5 10. Nd2 Rd8 11. f4 Qh6 1/2-1/2

[Event "III Mitropa Cup juniores"]
[Site "Saint Vincent - Chatillon ITA"]
[Date "2002.10.02"]
[Round "6"]
[White "Ortega, Lexy"]
[Black "Kurmann, Oliver"]
[Result "1-0"]
[WhiteElo "2467"]
[BlackElo "2214"]
[PlyCount "65"]
[EventDate "2002.09.28"]

1. d4 e6 2. Nf3 Nf6 3. Bf4 b6 4. e3 Bb7 5. Nbd2 Be7 6. c3 c5 7. Bd3 Nc6 8. h4
d6 9. Qe2 O-O 10. h5 Rc8 11. Rd1 Qc7 12. Bg5 e5 13. Bxf6 Bxf6 14. Ne4 Qe7 15.
Nxd6 Qxd6 16. dxe5 Qe7 17. exf6 Qxf6 18. Qc2 h6 19. Qa4 Rfe8 20. Qh4 Qe6 21.
O-O Na5 22. Bb5 Re7 23. b4 cxb4 24. cxb4 Nc4 25. Nd4 Qd5 26. Nc6 Re4 27. Ne7+
Kh7 28. Rxd5 Rxh4 29. Rd7 Rb8 30. Nf5 Rg4 31. f3 Rg5 32. Bxc4 Bc8 33. Rd8 1-0

[Event "III Mitropa Cup juniores"]
[Site "Saint Vincent - Chatillon ITA"]
[Date "2002.10.03"]
[Round "7"]
[White "Isonzo, David"]
[Black "Flumbort, Andras"]
[Result "1/2-1/2"]
[WhiteElo "2337"]
[BlackElo "2437"]
[PlyCount "27"]
[EventDate "2002.09.28"]

1. e4 c5 2. Nf3 Nc6 3. d4 cxd4 4. Nxd4 e6 5. Nb5 d6 6. Bf4 e5 7. Be3 Nf6 8. Bg5
a6 9. Bxf6 gxf6 10. N5c3 Bg7 11. Nd2 f5 12. Bd3 O-O 13. Qh5 f4 14. g3 1/2-1/2

[Event "III Mitropa Cup juniores"]
[Site "Saint Vincent - Chatillon ITA"]
[Date "2002.10.03"]
[Round "7"]
[White "Kuljasevic, Davorin"]
[Black "Piscopo, Pierluigi"]
[Result "0-1"]
[WhiteElo "2365"]
[BlackElo "2289"]
[PlyCount "90"]
[EventDate "2002.09.28"]

1. d4 d5 2. c4 c6 3. Nf3 Nf6 4. Nc3 a6 5. e3 b5 6. b3 Bf5 7. Be2 e6 8. O-O Nbd7
9. Ne5 Nxe5 10. dxe5 Nd7 11. cxd5 cxd5 12. e4 dxe4 13. Nxb5 Nxe5 14. Bf4 f6 15.
Bxe5 fxe5 16. Qxd8+ Rxd8 17. Nc7+ Kf7 18. g4 Rd2 19. gxf5 Rxe2 20. fxe6+ Kf6
21. Nxa6 Kxe6 22. Rfe1 Rc2 23. Rec1 Rxc1+ 24. Rxc1 Ba3 25. Rc2 Rd8 26. b4 Rd1+
27. Kg2 Rb1 28. b5 Kf5 29. Rc3 Be7 30. Nc7 Rb2 31. Nd5 Bh4 32. b6 Bxf2 33. Rb3
Rxa2 34. Nb4 Rd2 35. b7 Bc5+ 36. Kf1 Bd6 37. Na6 Kf4 38. Ke1 e3 39. Rb6 Kf3 40.
Rxd6 Rxh2 41. Kd1 e2+ 42. Kd2 Kf2 43. b8=Q e1=Q+ 44. Kd3 Rh3+ 45. Kc4 Qe4+ 0-1

[Event "III Mitropa Cup juniores"]
[Site "Saint Vincent - Chatillon ITA"]
[Date "2002.10.03"]
[Round "7"]
[White "Kurmann, Oliver"]
[Black "Langheinrich, Ferenc"]
[Result "0-1"]
[WhiteElo "2214"]
[BlackElo "2360"]
[PlyCount "48"]
[EventDate "2002.09.28"]

1. e4 c5 2. Nc3 d6 3. Nge2 Nf6 4. d4 cxd4 5. Nxd4 Nc6 6. f3 Qb6 7. Nb3 e6 8.
Qe2 a6 9. Be3 Qc7 10. g4 b5 11. Qf2 Bb7 12. O-O-O Rc8 13. g5 Nd7 14. Kb1 Na5
15. Bxb5 axb5 16. Nxb5 Qc4 17. Nxd6+ Bxd6 18. Rxd6 Nxb3 19. cxb3 Bxe4+ 20. Ka1
Qc7 21. Rhd1 Bc6 22. Bf4 Qb7 23. R6d5 exd5 24. Bd6 Nf8 0-1

[Event "III Mitropa Cup juniores"]
[Site "Saint Vincent - Chatillon ITA"]
[Date "2002.10.03"]
[Round "8"]
[White "Flumbort, Andras"]
[Black "Kurmann, Oliver"]
[Result "1-0"]
[WhiteElo "2437"]
[BlackElo "2214"]
[PlyCount "51"]
[EventDate "2002.09.28"]

1. Nf3 Nc6 2. d4 d5 3. g3 Bg4 4. Bg2 Qd7 5. c4 e6 6. O-O O-O-O 7. Ne5 Nxe5 8.
dxe5 d4 9. Qb3 c6 10. e3 Bc5 11. h3 Bh5 12. Na3 d3 13. Bd2 Be2 14. Rfc1 f6 15.
Qa4 Bxa3 16. bxa3 Kb8 17. Rab1 Ne7 18. Rb4 Qc8 19. Rcb1 Rd7 20. Bc3 d2 21. Bxd2
Rhd8 22. Bc3 f5 23. Bd4 b6 24. Bxb6 axb6 25. Rxb6+ Rb7 26. Rxb7+ 1-0

[Event "III Mitropa Cup juniores"]
[Site "Saint Vincent - Chatillon ITA"]
[Date "2002.10.03"]
[Round "8"]
[White "Lain, Luigi"]
[Black "Kuljasevic, Davorin"]
[Result "1/2-1/2"]
[WhiteElo "2160"]
[BlackElo "2365"]
[PlyCount "93"]
[EventDate "2002.09.28"]

1. d4 d5 2. c4 c6 3. Nc3 Nf6 4. Bf4 a6 5. e3 dxc4 6. Bxc4 b5 7. Bb3 e6 8. Nf3
Bb7 9. O-O Nbd7 10. Re1 c5 11. d5 c4 12. dxe6 fxe6 13. Bc2 Nc5 14. Nd4 Qe7 15.
b4 cxb3 16. Bxb3 Rd8 17. Qc2 e5 18. Nf5 Qc7 19. Bg5 Nxb3 20. Qxb3 Qf7 21. Qb2
Qg6 22. Nxb5 Qxf5 23. Nc7+ Kf7 24. Qxb7 Rd2 25. Bh4 Be7 26. Qxa6 g5 27. Qc4+
Kg6 28. Bg3 Rc2 29. e4 Qxf2+ 30. Bxf2 Rxc4 31. Nd5 Nxd5 32. exd5 e4 33. Red1
Ra8 34. Rd2 Bd6 35. g3 Ra3 36. Re2 Kf5 37. Rd1 g4 38. Kg2 Rcc3 39. Rde1 Ra4 40.
Be3 Rca3 41. Rf1+ Ke5 42. Bf4+ Kxd5 43. Bxd6 Kxd6 44. Rf4 Ke5 45. Rxg4 Rxa2 46.
Rgxe4+ Rxe4 47. Rxa2 1/2-1/2

[Event "III Mitropa Cup juniores"]
[Site "Saint Vincent - Chatillon ITA"]
[Date "2002.10.03"]
[Round "8"]
[White "Piscopo, Pierluigi"]
[Black "Isonzo, David"]
[Result "1-0"]
[WhiteElo "2289"]
[BlackElo "2337"]
[PlyCount "111"]
[EventDate "2002.09.28"]

1. e4 e5 2. Nf3 Nc6 3. d4 exd4 4. Nxd4 Bc5 5. Be3 Qf6 6. c3 Nge7 7. g3 O-O 8.
Bg2 Bxd4 9. cxd4 d5 10. exd5 Nb4 11. Qb3 Qd6 12. Bf4 Qb6 13. O-O Rd8 14. Re1
Nf5 15. Bxc7 Qxc7 16. Qxb4 Qb6 17. Qxb6 axb6 18. Nc3 Nxd4 19. Rad1 Nf5 20. d6
Kf8 21. d7 Rxd7 22. Rxd7 Bxd7 23. Bxb7 Ra7 24. Bd5 h5 25. Rd1 f6 26. Be4 Ne7
27. h4 Ke8 28. Rd6 Nc8 29. Bg6+ Ke7 30. Rd3 Ra5 31. Re3+ Kd8 32. b4 Ra3 33.
Bxh5 Ne7 34. Nd5 Rxe3 35. Nxe3 Nc6 36. a3 Nd4 37. Bd1 Nb5 38. a4 Nc3 39. a5 Na2
40. Bf3 Nxb4 41. axb6 Na6 42. Kg2 Nc5 43. g4 Na4 44. b7 Kc7 45. Nd5+ Kb8 46.
Nf4 Nc5 47. Nh5 Ne6 48. Kg3 Bb5 49. Bd5 Nc7 50. Be4 Ne8 51. Bg6 Kxb7 52. Bxe8
Bxe8 53. Nxg7 Bf7 54. Kf4 Bg6 55. h5 Bh7 56. Ne8 1-0

[Event "III Mitropa Cup juniores"]
[Site "Saint Vincent - Chatillon ITA"]
[Date "2002.10.04"]
[Round "9"]
[White "Isonzo, David"]
[Black "Lain, Luigi"]
[Result "0-1"]
[WhiteElo "2337"]
[BlackElo "2160"]
[PlyCount "122"]
[EventDate "2002.09.28"]

1. e4 e5 2. Nf3 Nc6 3. Bb5 a6 4. Ba4 Nf6 5. O-O b5 6. Bb3 Be7 7. Re1 d6 8. c3
Bg4 9. d3 O-O 10. Nbd2 Na5 11. Bc2 c5 12. h3 Bxf3 13. Nxf3 Qc7 14. a3 Rfd8 15.
Qe2 Rac8 16. Nh4 g6 17. Nf3 Bf8 18. Bg5 Bg7 19. Nh2 Rf8 20. Nf1 Nc6 21. Qf3 Nd7
22. Ne3 f6 23. Bh4 Nb6 24. a4 b4 25. a5 Nd7 26. Nd5 Qd8 27. Ba4 Ndb8 28. Qg4
Kh8 29. f4 exf4 30. Nxf4 Ne5 31. Qe2 g5 32. Ne6 Qe7 33. Nxg7 Kxg7 34. Bg3 Nbc6
35. Kh1 bxc3 36. bxc3 c4 37. d4 Nd3 38. Rf1 f5 39. Qh5 f4 40. Bh2 Nxa5 41. Bc2
Nb3 42. Rxa6 Nd2 43. Rfa1 Nxe4 44. Ra7 Rc7 45. Rxc7 Qxc7 46. Qf3 Re8 47. Bg1
Ng3+ 48. Kh2 Ne1 49. Qd5 Nxc2 50. Qxg5+ Kh8 51. Rc1 Qg7 52. Qxg7+ Kxg7 53. Rxc2
Re2 54. Rc1 d5 55. h4 h5 56. Kh3 Rd2 57. Bh2 Ne2 58. Rf1 Rd3+ 59. Rf3 Rxf3+ 60.
gxf3 Nxc3 61. Bxf4 Ne2 0-1

[Event "III Mitropa Cup juniores"]
[Site "Saint Vincent - Chatillon ITA"]
[Date "2002.10.04"]
[Round "9"]
[White "Kuljasevic, Davorin"]
[Black "Cernousek, Lukas"]
[Result "1/2-1/2"]
[WhiteElo "2365"]
[BlackElo "2294"]
[PlyCount "70"]
[EventDate "2002.09.28"]

1. d4 Nf6 2. Nf3 d5 3. c4 c6 4. Nc3 e6 5. Bg5 dxc4 6. e4 b5 7. e5 h6 8. Bh4 g5
9. Nxg5 hxg5 10. Bxg5 Nbd7 11. g3 Bb7 12. Bg2 Qb6 13. exf6 O-O-O 14. O-O c5 15.
d5 b4 16. Na4 Qb5 17. a3 exd5 18. axb4 cxb4 19. Be3 Nc5 20. Qg4+ Rd7 21. Qg7
Bxg7 22. fxg7 Rg8 23. Nxc5 Rc7 24. Nxb7 Rxb7 25. Rfd1 Rd7 26. Bxa7 Rxg7 27. Bd4
Rg4 28. Bh3 f5 29. Bxg4 fxg4 30. Ra8+ Kc7 31. Rda1 c3 32. Be5+ Kb6 33. Bd4+ Kc7
34. Be5+ Kb6 35. Bd4+ Kc7 1/2-1/2

[Event "III Mitropa Cup juniores"]
[Site "Saint Vincent - Chatillon ITA"]
[Date "2002.10.04"]
[Round "9"]
[White "Ortega, Lexy"]
[Black "Langheinrich, Ferenc"]
[Result "1/2-1/2"]
[WhiteElo "2467"]
[BlackElo "2360"]
[PlyCount "58"]
[EventDate "2002.09.28"]

1. d4 Nf6 2. Nf3 c5 3. d5 b5 4. c4 b4 5. a3 a5 6. Nbd2 d6 7. e4 g6 8. axb4 cxb4
9. c5 dxc5 10. Bb5+ Bd7 11. Bc4 Bg7 12. e5 Ng4 13. Qe2 O-O 14. h3 Nh6 15. Ne4
Nf5 16. Nxc5 Qb6 17. Nb3 e6 18. g4 exd5 19. Bxd5 Bb5 20. Qe4 Nd7 21. gxf5 Rae8
22. Be3 Qc7 23. Rc1 Qb8 24. fxg6 hxg6 25. Rg1 Nxe5 26. Nxe5 Qxe5 27. Qxe5 Rxe5
28. Rc5 Rxd5 29. Rxd5 Bc4 1/2-1/2

[Event "III Mitropa Cup juniores"]
[Site "Saint Vincent - Chatillon ITA"]
[Date "2002.10.04"]
[Round "9"]
[White "Paehtz, Thomas sr"]
[Black "Flumbort, Andras"]
[Result "1/2-1/2"]
[WhiteElo "2455"]
[BlackElo "2437"]
[PlyCount "21"]
[EventDate "2002.09.28"]

1. e4 c5 2. Nf3 Nc6 3. d4 cxd4 4. Nxd4 Qc7 5. Nb5 Qb8 6. c4 Nf6 7. Bd3 e6 8.
O-O a6 9. N5c3 d6 10. Be3 Be7 11. Nd2 1/2-1/2

[Event "III Mitropa Cup juniores"]
[Site "Saint Vincent - Chatillon ITA"]
[Date "2002.10.05"]
[Round "10"]
[White "Bellaiche, Anthony"]
[Black "Kuljasevic, Davorin"]
[Result "1/2-1/2"]
[WhiteElo "2369"]
[BlackElo "2365"]
[PlyCount "52"]
[EventDate "2002.09.28"]

1. e4 c5 2. Nf3 Nc6 3. d4 cxd4 4. Nxd4 Nf6 5. Nc3 e5 6. Ndb5 d6 7. Bg5 a6 8.
Na3 b5 9. Nd5 Be7 10. Bxf6 Bxf6 11. c3 Bg5 12. Nc2 O-O 13. a4 bxa4 14. Rxa4 a5
15. Bc4 Rb8 16. b3 Kh8 17. Qe2 Bd7 18. Ra2 a4 19. b4 Na5 20. Na3 Nxc4 21. Qxc4
f5 22. O-O Be6 23. Qd3 fxe4 24. Qxe4 Qd7 25. Raa1 Qb7 26. Rad1 Bf5 1/2-1/2

[Event "III Mitropa Cup juniores"]
[Site "Saint Vincent - Chatillon ITA"]
[Date "2002.10.05"]
[Round "10"]
[White "Lain, Luigi"]
[Black "Kurmann, Oliver"]
[Result "1-0"]
[WhiteElo "2160"]
[BlackElo "2214"]
[PlyCount "55"]
[EventDate "2002.09.28"]

1. d4 e6 2. c4 Nf6 3. Nc3 c5 4. d5 exd5 5. cxd5 d6 6. e4 g6 7. Bg5 Bg7 8. f4
O-O 9. Nf3 Qb6 10. Qc2 Re8 11. Be2 Ng4 12. h3 Ne3 13. Qd2 Bxc3 14. Qxc3 Rxe4
15. g4 Qb4 16. Nd2 Nxd5 17. Qxb4 Rxb4 18. Nc4 Nc6 19. a3 Rb3 20. Nxd6 Rxb2 21.
Bc4 Ne3 22. Bxf7+ Kg7 23. f5 Nd4 24. f6+ Kh8 25. Bxe3 Nc2+ 26. Kd2 Nxa1+ 27.
Kc3 Rb3+ 28. Bxb3 1-0

[Event "III Mitropa Cup juniores"]
[Site "Saint Vincent - Chatillon ITA"]
[Date "2002.10.05"]
[Round "10"]
[White "Piscopo, Pierluigi"]
[Black "Paehtz, Thomas sr"]
[Result "0-1"]
[WhiteElo "2289"]
[BlackElo "2455"]
[PlyCount "54"]
[EventDate "2002.09.28"]

1. e4 c5 2. Nf3 d6 3. c3 Nf6 4. Be2 b6 5. O-O Bb7 6. Bb5+ Nbd7 7. d3 a6 8. Ba4
c4 9. e5 dxe5 10. dxc4 Qc7 11. Bg5 O-O-O 12. Qe2 e4 13. Nd4 Ne5 14. Nd2 Neg4
15. f4 h6 16. Bh4 e6 17. Bc2 g5 18. Bg3 e3 19. Ne4 Nxe4 20. Bxe4 Bxe4 21. Qxg4
h5 22. fxg5 hxg4 23. Bxc7 Kxc7 24. Rxf7+ Kb8 25. g6 Bd6 26. g3 Bxg3 27. g7 Rxh2
0-1

[Event "III Mitropa Cup juniores"]
[Site "Saint Vincent - Chatillon ITA"]
[Date "2002.10.06"]
[Round "11"]
[White "Langheinrich, Ferenc"]
[Black "Flumbort, Andras"]
[Result "0-1"]
[WhiteElo "2360"]
[BlackElo "2437"]
[PlyCount "84"]
[EventDate "2002.09.28"]

1. e4 c5 2. Nf3 e6 3. d4 cxd4 4. Nxd4 Nc6 5. Nb5 d6 6. c4 Nf6 7. N1c3 a6 8. Na3
Be7 9. Be2 O-O 10. O-O b6 11. Be3 Bb7 12. Qd2 Ne5 13. f3 d5 14. cxd5 exd5 15.
Nxd5 Bxd5 16. exd5 Nxd5 17. Bf2 Bg5 18. Qd1 Nf4 19. g3 Qxd1 20. Bxd1 Nh3+ 21.
Kg2 Nxf2 22. Rxf2 Nd3 23. Re2 b5 24. Bc2 Rad8 25. Bxd3 Rxd3 26. Nc2 Bf6 27. a4
Rb3 28. axb5 axb5 29. Ne3 Re8 30. Ra3 Rxa3 31. bxa3 Bd4 32. Kf2 g5 33. f4 g4
34. Re1 Re4 35. Re2 Kf8 36. Re1 Ke8 37. Re2 h5 38. Re1 Kd7 39. Rd1 Kc6 40. Rd3
Kb6 41. Ke2 Ka5 42. Kd2 Bxe3+ 0-1

[Event "III Mitropa Cup juniores"]
[Site "Saint Vincent - Chatillon ITA"]
[Date "2002.10.06"]
[Round "11"]
[White "Ortega, Lexy"]
[Black "Piscopo, Pierluigi"]
[Result "1-0"]
[WhiteElo "2467"]
[BlackElo "2289"]
[PlyCount "83"]
[EventDate "2002.09.28"]

1. d4 g6 2. e4 Bg7 3. Nf3 d6 4. Nc3 Nf6 5. Be3 O-O 6. Qd2 Nbd7 7. Bh6 e5 8.
Bxg7 Kxg7 9. O-O-O Qe7 10. h4 h5 11. Ng5 c6 12. d5 c5 13. Be2 c4 14. Bxc4 Nc5
15. Rdf1 Bd7 16. Kb1 Rab8 17. Bd3 b5 18. Nd1 b4 19. Ne3 a5 20. f4 b3 21. fxe5
bxc2+ 22. Bxc2 Qxe5 23. Nc4 Nfxe4 24. Bxe4 Nxe4 25. Qc2 Bf5 26. Rxf5 Qxf5 27.
Nxe4 Qxd5 28. Rd1 Qb5 29. Qc3+ f6 30. Nexd6 Qc5 31. Qxa5 Qf2 32. Qd2 Qxh4 33.
Re1 f5 34. a4 Qf6 35. Qe3 Ra8 36. a5 Rfb8 37. Qe7+ Qxe7 38. Rxe7+ Kf6 39. Re2
h4 40. Nb6 Ra7 41. b4 Rh8 42. Ndc8 1-0

[Event "III Mitropa Cup juniores"]
[Site "Saint Vincent - Chatillon ITA"]
[Date "2002.10.06"]
[Round "11"]
[White "Paehtz, Thomas sr"]
[Black "Lain, Luigi"]
[Result "0-1"]
[WhiteElo "2455"]
[BlackElo "2160"]
[PlyCount "152"]
[EventDate "2002.09.28"]

1. e4 e5 2. Nf3 Nc6 3. Bb5 a6 4. Ba4 Nf6 5. O-O b5 6. Bb3 Be7 7. Re1 d6 8. c3
Bg4 9. d3 Na5 10. Bc2 c5 11. h3 Bxf3 12. Qxf3 O-O 13. Nd2 Ne8 14. Nf1 Bg5 15.
Be3 Nc6 16. Bb3 Rc8 17. a4 b4 18. a5 Bxe3 19. Nxe3 Nxa5 20. Bd5 Nf6 21. Nf5
Nxd5 22. exd5 Nb7 23. Rxa6 g6 24. Ne3 Ra8 25. Rea1 Rxa6 26. Rxa6 f5 27. Nc4 Re8
28. Ra7 bxc3 29. bxc3 Qb8 30. Ra6 e4 31. Qd1 exd3 32. Qxd3 Nd8 33. Nxd6 Re1+
34. Kh2 Nf7 35. Qg3 Qb1 36. Ra8+ Kg7 37. Ne8+ Kf8 38. Nd6+ Kg7 39. Ne8+ Kf8 40.
Qc7 Rh1+ 41. Kg3 Qd3+ 42. f3 Qxd5 43. Ra4 Qe6 44. Qxc5+ Kxe8 45. Ra8+ Nd8 46.
Qb5+ Kf7 47. Ra7+ Kg8 48. Ra8 Qe1+ 49. Kf4 Qd2+ 50. Kg3 f4+ 51. Kh4 Qf2+ 52.
Kg5 Qg3+ 53. Kf6 Qh4+ 54. Qg5 Qxg5+ 55. Kxg5 Rd1 56. Kxf4 Kg7 57. h4 Kf6 58. g4
Ne6+ 59. Kg3 h6 60. Rh8 Rg1+ 61. Kf2 Rc1 62. h5 Kg7 63. Re8 Nf4 64. Re7+ Kf6
65. Rh7 gxh5 66. Rxh6+ Kg5 67. Rc6 Rc2+ 68. Ke3 Re2+ 69. Kd4 h4 70. Rc5+ Kg6
71. Rc8 h3 72. Ra8 h2 73. Rh8 Kg5 74. c4 Ng6 75. Rh3 Nh4 76. c5 Nxf3+ 0-1

[Event "II C.to Europeo seniores"]
[Site "Saint Vincent - Chatillon ITA"]
[Date "2002.09.28"]
[Round "1"]
[White "Profaizer, Gino"]
[Black "Khanukov, Boris"]
[Result "1-0"]
[WhiteElo "1902"]
[BlackElo "2354"]
[PlyCount "97"]
[EventDate "2002.09.28"]

1. d4 Nf6 2. c4 e6 3. Nc3 d5 4. cxd5 exd5 5. Bf4 c6 6. e3 Bf5 7. Bd3 Bxd3 8.
Qxd3 Bd6 9. Bxd6 Qxd6 10. Nf3 Nbd7 11. O-O O-O 12. Rab1 a5 13. Rfc1 Rfe8 14.
Nd2 Re6 15. h3 g5 16. e4 dxe4 17. Ncxe4 Nxe4 18. Nxe4 Qf4 19. Nc5 Nxc5 20. Rxc5
h6 21. g3 Qe4 22. Qxe4 Rxe4 23. d5 cxd5 24. Rxd5 Rb4 25. a3 Rb3 26. a4 Ra6 27.
Rf5 Kg7 28. Rd1 Rxb2 29. Rdd5 Rb4 30. Rxa5 Rxa4 31. Rxa4 Rxa4 32. Rb5 Ra7 33.
Rb6 h5 34. Kg2 f6 35. Kf3 Kg6 36. Ke4 Kf7 37. Kf3 Kg7 38. Ke4 Kg6 39. Kf3 Kf5
40. Rb5+ Ke6 41. Rb6+ Ke5 42. Rb5+ Kd4 43. Rb6 Ke5 44. Rb5+ Ke6 45. Rb6+ Kf7
46. Ke4 h4 47. Kf5 hxg3 48. fxg3 Kg7 49. h4 1-0

[Event "II C.to Europeo seniores"]
[Site "Saint Vincent - Chatillon ITA"]
[Date "2002.09.29"]
[Round "2"]
[White "Bukal, Vladimir sr"]
[Black "Reer, Erdmann"]
[Result "1-0"]
[WhiteElo "2425"]
[BlackElo "2139"]
[PlyCount "77"]
[EventDate "2002.09.28"]

1. c4 e5 2. Nc3 Nc6 3. g3 g6 4. Bg2 Bg7 5. e3 Nge7 6. Nge2 d6 7. d4 O-O 8. O-O
a6 9. d5 Nb8 10. e4 f5 11. Be3 Nd7 12. Qd2 Nf6 13. f3 Kh8 14. b4 Neg8 15. h3
Qe7 16. c5 Bd7 17. Rac1 Rac8 18. a4 h5 19. exf5 Bxf5 20. g4 Bd7 21. Qd3 Be8 22.
g5 Nh7 23. h4 Bf7 24. Bh3 Rb8 25. Ne4 Rfd8 26. cxd6 cxd6 27. Bb6 Nf8 28. Bxd8
Qxd8 29. a5 Ne7 30. N4c3 Be8 31. Ng3 Bd7 32. Bxd7 Qxd7 33. Kg2 Nf5 34. Qe4 b6
35. axb6 Rxb6 36. Nce2 Qb5 37. Rc8 Qxb4 38. Nxf5 gxf5 39. Qxf5 1-0

[Event "II C.to Europeo seniores"]
[Site "Saint Vincent - Chatillon ITA"]
[Date "2002.09.29"]
[Round "2"]
[White "Chernikov, Oleg L."]
[Black "Etmans, Maarten D."]
[Result "1-0"]
[WhiteElo "2464"]
[BlackElo "2161"]
[PlyCount "53"]
[EventDate "2002.09.28"]

1. d4 e6 2. c4 Bb4+ 3. Bd2 Bxd2+ 4. Qxd2 d5 5. Nc3 Nf6 6. e3 O-O 7. Bd3 Nbd7 8.
Nf3 c6 9. e4 c5 10. cxd5 cxd4 11. Nxd4 exd5 12. exd5 Re8+ 13. Nde2 Nb6 14. d6
Kh8 15. Nb5 Re6 16. O-O-O Bd7 17. Nec3 Ne8 18. Bf5 Re5 19. Bxd7 Qxd7 20. Rhe1
Nc4 21. Qd4 Rxe1 22. Rxe1 Nexd6 23. Rd1 Rd8 24. b3 a6 25. bxc4 axb5 26. Nxb5
Qc6 27. Nxd6 1-0

[Event "II C.to Europeo seniores"]
[Site "Saint Vincent - Chatillon ITA"]
[Date "2002.09.29"]
[Round "2"]
[White "Giani, Franco"]
[Black "Radulov, Ivan G."]
[Result "1-0"]
[WhiteElo "2133"]
[BlackElo "2359"]
[PlyCount "57"]
[EventDate "2002.09.28"]

1. c4 g6 2. Nc3 Bg7 3. g3 c5 4. Bg2 Nc6 5. Nf3 e5 6. O-O Nge7 7. d3 O-O 8. Bd2
h6 9. a3 d6 10. Qc1 Kh7 11. Qc2 b6 12. Rad1 Bb7 13. e3 d5 14. cxd5 Nxd5 15.
Nxd5 Qxd5 16. Ng5+ hxg5 17. Bxd5 Rad8 18. Bxc6 Bxc6 19. Bc3 Bf3 20. Rde1 f5 21.
h3 Bf6 22. d4 cxd4 23. exd4 exd4 24. Bb4 Rf7 25. Re6 Rdd7 26. Rfe1 d3 27. Qd2
f4 28. g4 Be2 29. R1xe2 1-0

[Event "II C.to Europeo seniores"]
[Site "Saint Vincent - Chatillon ITA"]
[Date "2002.09.29"]
[Round "2"]
[White "Hocevar, Nikola"]
[Black "Ljubarskij, Juri"]
[Result "0-1"]
[WhiteElo "2113"]
[BlackElo "2329"]
[PlyCount "86"]
[EventDate "2002.09.28"]

1. c4 e5 2. Nc3 f5 3. d4 exd4 4. Qxd4 Nf6 5. Nd5 Be7 6. Nxe7 Qxe7 7. e3 Nc6 8.
Qd1 O-O 9. Nf3 f4 10. Be2 fxe3 11. Bxe3 Qb4+ 12. Qd2 Ne4 13. Qxb4 Nxb4 14. Kd1
d6 15. a3 Nc6 16. Kc2 Bf5 17. Bd3 Rae8 18. Rae1 a5 19. b3 Re7 20. Nh4 Bd7 21.
f4 Rfe8 22. Rhf1 Nc5 23. Bf2 Nd4+ 24. Kc3 Rxe1 25. Rxe1 Rxe1 26. Bxe1 Nxd3 27.
Kxd3 Nxb3 28. Nf3 Bc6 29. Nd4 Nc5+ 30. Ke3 Bxg2 31. Bxa5 Na6 32. Ne6 b6 33. Bc3
g6 34. a4 h6 35. a5 Kf7 36. Nd4 bxa5 37. Bxa5 c5 38. Nb5 Ke6 39. Bd8 Bf1 40.
Na3 Nb4 41. Bc7 d5 42. Bb6 Kd6 43. Ba7 Bxc4 0-1

[Event "II C.to Europeo seniores"]
[Site "Saint Vincent - Chatillon ITA"]
[Date "2002.09.29"]
[Round "2"]
[White "Huguet, Bernard"]
[Black "Murey, Jacob I."]
[Result "0-1"]
[WhiteElo "2168"]
[BlackElo "2496"]
[PlyCount "70"]
[EventDate "2002.09.28"]

1. c4 g6 2. Nc3 Bg7 3. g3 e5 4. Bg2 Ne7 5. e4 O-O 6. Nge2 Nbc6 7. O-O a6 8. d3
Rb8 9. a4 d6 10. Be3 f5 11. f4 Be6 12. Rb1 fxe4 13. Nxe4 Kh8 14. b4 Nf5 15. Bf2
Ncd4 16. Nxd4 exd4 17. Ng5 Bd7 18. Bd5 Qf6 19. Re1 Ne3 20. Bxe3 dxe3 21. Bg2 h6
22. Nf3 Rfe8 23. b5 axb5 24. axb5 g5 25. fxg5 hxg5 26. Qe2 Re7 27. Rf1 Rf8 28.
Kh1 Bg4 29. Rbe1 Qh6 30. Qc2 Ref7 31. Ng1 Rf2 32. Qc1 Bd4 33. Qb1 Rxg2 34. Kxg2
Rf2+ 35. Rxf2 exf2 0-1

[Event "II C.to Europeo seniores"]
[Site "Saint Vincent - Chatillon ITA"]
[Date "2002.09.29"]
[Round "2"]
[White "Kies, Werner"]
[Black "Klundt, Klaus"]
[Result "0-1"]
[WhiteElo "2138"]
[BlackElo "2385"]
[PlyCount "60"]
[EventDate "2002.09.28"]

1. e4 c5 2. Nf3 Nc6 3. d4 cxd4 4. Nxd4 Nf6 5. Nc3 e6 6. Nxc6 bxc6 7. Bd3 d5 8.
exd5 cxd5 9. O-O Be7 10. Bf4 O-O 11. Qf3 Bb7 12. Rfe1 Rc8 13. Rad1 g6 14. Be5
Nd7 15. Bd4 Bc5 16. Bb5 Bc6 17. Qh3 Bxd4 18. Rxd4 Bxb5 19. Nxb5 Rxc2 20. Qb3
Rc5 21. Nc3 Qc7 22. Rb4 Rb8 23. Rxb8+ Qxb8 24. Qa3 Qc7 25. Qb4 Nf6 26. Qd4 Kg7
27. f3 Rc4 28. Qd3 Qb6+ 29. Kf1 Qxb2 30. Ne4 Rc2 0-1

[Event "II C.to Europeo seniores"]
[Site "Saint Vincent - Chatillon ITA"]
[Date "2002.09.29"]
[Round "2"]
[White "Klovans, Janis"]
[Black "Villing, Dieter"]
[Result "1-0"]
[WhiteElo "2425"]
[BlackElo "2159"]
[PlyCount "65"]
[EventDate "2002.09.28"]

1. e4 c5 2. Nf3 Nc6 3. d4 cxd4 4. Nxd4 Nf6 5. Nc3 e5 6. Ndb5 d6 7. Bg5 a6 8.
Na3 b5 9. Bxf6 gxf6 10. Nd5 Bg7 11. Bd3 Ne7 12. Nxe7 Qxe7 13. c3 f5 14. Nc2 Bb7
15. exf5 O-O 16. O-O Qg5 17. Ne3 d5 18. a4 bxa4 19. Rxa4 d4 20. cxd4 exd4 21.
f4 Qd8 22. Ng4 Qd5 23. Rf3 Rfd8 24. Rg3 Kf8 25. f6 Bh8 26. Qe2 Qe6 27. Qxe6
fxe6 28. Rh3 Bc6 29. Rc4 Bb5 30. Rxh7 Bxc4 31. Rxh8+ Kf7 32. Rh7+ Kf8 33. Ne5
1-0